Music Quiz

Random Music or Clickable Quiz
Score 0/33 Timer 05:00
3 Plays Today
% Correct
Bottle
93.8%
Face
93.4%
Time
92.9%
Come
91.4%
Queen
91.1%
Life
90.8%
Bang
90.1%
Still
90.1%
Seven
90%
Stop
89.6%
Highway
89.4%
Right
89.1%
Out
88.3%
Paradise
88.1%
Dancing
88.1%
Worry
88.1%
Air
87.6%
% Correct
Maybe
87.6%
Rain
86%
Over
84.5%
Song
84.4%
Home
84.1%
Low
83.7%
Send
82.6%
Night
82.6%
Return
81.4%
Lights
80.5%
Angel
80.2%
Last
79.9%
Body
78.6%
Sick
72%
Bad
69.8%
Hands
67.1%

You're not logged in!

Compare scores with friends on all Sporcle quizzes.
OR
Log In

Sporcle TV

Today on Sporcle TV


Watch our educational content, quiz creation guides, and fun videos on Sporcle TV.

Show Comments

Extras

Top Quizzes Today


Score Distribution

Paid Content

Your Account Isn't Verified!

In order to create a playlist on Sporcle, you need to verify the email address you used during registration. Go to your Sporcle Settings to finish the process.

Report this User

Report this user for behavior that violates our Community Guidelines.

Details: